| 000 | 00670cab a2200241 4500 | ||
|---|---|---|---|
| 001 | ##ABS43013 | ||
| 008 | 090401t1990 xxu||||| |||| 00| 0 eng d | ||
| 035 | _a(Sirsi) u39953 | ||
| 041 | 0 | _aeng | |
| 100 | 1 | _aHumphreys, K. K. | |
| 245 | 0 | 0 | _aSources of international cost data |
| 260 | _c1990 | ||
| 350 | _a0 | ||
| 490 | 0 |
_aCost Engineer _v28(4) 1990 11-16(6) |
|
| 520 | _aProvides information sources for international cost data. Key sources listed by country. Bibliography. | ||
| 651 | 4 | _aAUSTRALIA | |
| 651 | 4 | _aEUROPE | |
| 651 | 4 | _aJAPAN | |
| 651 | 4 | _aUNITED STATES | |
| 690 | _aBUILT ENVIRONMENT-BUILDING COSTS | ||
| 942 | _n0 | ||
| 948 | _c04/03/1997 | ||
| 999 |
_c25579 _d25579 |
||